1294 1508 1716 1387 1711 1639 1425 1508 1654 1720 1322 1334 1981 1088 1280 1393 1127 1688 1756 1706 1679 1857 1227 1740 1964 1274 1033 1579 1105 1685 1684 1959 1979 1655 1722 1201 1705 1504 1423 1814 1704 1673 1697 1751 1919 1187 1513 1413 1793 1226 1428 1915 1485 1064 1663 1295 1967 1104 1219 1466 1290 1741 1799 1296 1221 1105 1950 1782 1438 1343 1725 1467 1606 1356 1426 1964 1475 1520 1858 1866 1338 1728 1991 1723 1356 1530 1705 1773 1569 1136 1950 1712 1805 1699 1048 1741 1535 1675 1978 BCNSPRNW ULIB Ver.6.0+V

เปลี่ยนเป็นภาษาไทย

Change to English
 แสดงรายละเอียดบรรณานุกรม
  กลับหน้าหลัก

Brief Record : Get Marc (ISO 2709) : E-mail record : QR code < ปิดหน้าต่าง
LEADER : 00000nam 2200000uu 4500
001    13399112144
003     ULIB
008    110627s2552||||th 000 0 tha d
020    9786110600217
090    นว.^bจ599ร 2552
100 0  จื่อเหวิน
245 00 ระบำหงส์/^cจื่อเหวิน
250    พิมพ์ครั้งที่ 1
260    กรุงเทพฯ :^bแจ่มใส,^c2552
300    171 หน้า
710 1  แจ่มใส
945    ^p139^l0^i026748
995    ทศพร
999 ^a ใช้งานได้ทุกระบบ
รายการนี้ยังไม่มีแท็ก
คุณยังไม่ได้ล็อกอิน คุณสามารถมีกิจกรรมร่วมกับเว็บไซต์ได้ แต่ต้องล็อกอินก่อน ::
  ล็อกอิน

รายการสื่อสารสนเทศ

ลำดับที่ ประเภท เลขเรียก/บาร์โค้ด สถานที่ สถานะ
- ไม่พบข้อมูล -

BibComment


ยังไม่เคยถูกคอมเมนท์

คอมเมนท์ทรัพยากรรายการนี้
  คอมเมนท์: ระบำหงส์ จื่อเหวิน


 Copyright 2026. Bcnsprnw @Library